000 00509nam a2200181Ia 4500
005 20250326123842.0
008 250326s9999 xx 000 0 und d
037 _aTextbook
040 _aFMSL
_beng
_cFMSL
041 _aeng
_2eng
084 _aS(X:8)y7 L2
_qFMSL
100 _aWills N R
_9736253
245 0 _aCase studies in organisational behaviour
_cWills N R; Hunt J W
260 _aNY
_bNY, John Wiley
_c1972
300 _a102p
942 _cTB
_hS(X:8)y7 L2
999 _c1271208
_d1271208